00511cam a22002171 4500001001300000003000400013005001700017008004100034010001700075035002000092040001800112042001200130050002000142100002900162245002800191260001100219300001900230500001400249500001300263999001700276sa 68016857 DLC20260227112658.0891227s1968 ii 000 1 hino  asa 68016857  a(OCoLC)20822008 aDLCcWaUdDLC apremarc00aPK2098.S49bA781 aSharma, Shri Ram,d1909-10aAn̆dhī kā utāra. c[1968] a195 p.c19 cm. aIn Hindi. aA novel. c87353d87353